Vánoční recepty speciál Vánoce 2013

Bibliographic Details
Format: Book
Language:Czech
PhysicalDescription:80 s. fareb. fotogr. 23 cm
Published: Spišské Vlachy GENIUS PRESS SK 2013
ISBN:9788097153809 (brož.)
Series:Knihovnička recepty
Subjects:

MARC

LEADER 00000nam a2200000 a 4500
001 vtls010594803
003 SK-MaSNL
005 20260301215058.0
008 160429s2013 xo o g 000 0 cze
015 |a SNBA2014/06 
020 |a 9788097153809 (brož.) 
035 |a 1D98AB15-E693-4821-B2FC-70514E01CD27 
035 |a urn:nbn:sk:snk-amkchz 
035 |a urn:nbn:sk:snk-am003wdw 
040 |a SNK  |b slo  |c SNK  |e AACR2 
041 0 |a cze 
044 |a xo  |c SK 
072 7 |a 641  |x Kuchárstvo. Potraviny. Varené jedlá  |2 konspekt 
080 |a 641.566:398.33  |2 2001 
080 |a (083.12)  |2 2001 
245 0 0 |a Vánoční recepty speciál  |b Vánoce 2013 
246 1 |i V tir. názov:  |a Vánoční recepty 2013 
246 3 0 |a Vánoce 2013 
260 |a Spišské Vlachy  |b GENIUS PRESS SK  |c 2013 
300 |a 80 s.  |b fareb. fotogr.  |c 23 cm 
490 1 |a Knihovnička recepty 
500 |a Názov z obalu 
650 0 7 |a vianočné jedlá  |2 SNKPH  |9 110679 
650 0 7 |a Christmas cookery  |2 SNKPHeng  |9 326363 
655 7 |a kuchárske recepty  |2 SNKPH  |9 70493 
655 7 |a Cookbooks  |2 SNKPHeng  |9 270340 
919 |a 978-80-971538-0-9 
958 |a CZ 
999 |c 926817  |d 928747 
952 |a SNK  |b SNK  |y PREZ  |7 0  |p 17A1109634  |o snkSC 159339  |i snk2014/10673  |8 0  |0 0  |1 0  |4 0  |d 2014-05-05  |f 1  |l 0  |r 2025-08-21 00:00:00  |w 2026-02-24 
952 |a SNK  |b SNK  |y VYP  |7 0  |p 17A1109633  |o snkSC 159339 D1  |i snk2014/10675  |8 0  |0 0  |1 0  |4 0  |d 2014-05-05  |l 0  |r 2026-02-24 08:36:19  |w 2026-02-24